<?xml version="1.0" encoding="UTF-8"?>
<record
    xmlns:xsi="http://www.w3.org/2001/XMLSchema-instance"
    xsi:schemaLocation="http://www.loc.gov/MARC21/slim http://www.loc.gov/standards/marcxml/schema/MARC21slim.xsd"
    xmlns="http://www.loc.gov/MARC21/slim">

  <leader>01813    a2200205   4500</leader>
  <controlfield tag="001">28033</controlfield>
  <controlfield tag="005">20260407155552.0</controlfield>
  <controlfield tag="008">260407a1986    arg                 spa d</controlfield>
  <controlfield tag="003">AR-UNSa-BCEJYS</controlfield>
  <datafield tag="040" ind1=" " ind2=" ">
    <subfield code="a">AR-UNSa-BCEJYS</subfield>
    <subfield code="b">spa</subfield>
    <subfield code="c">AR-UNSa-BCEJYS</subfield>
  </datafield>
  <datafield tag="080" ind1=" " ind2=" ">
    <subfield code="a">004.4</subfield>
    <subfield code="x">"Software". Equipo l&#xF3;gico, componentes l&#xF3;gicos, logical, programas</subfield>
  </datafield>
  <datafield tag="245" ind1="1" ind2="0">
    <subfield code="a">El software: An&#xE1;lisis jur&#xED;dico</subfield>
  </datafield>
  <datafield tag="020" ind1=" " ind2=" ">
    <subfield code="a">950-572-199-4</subfield>
  </datafield>
  <datafield tag="264" ind1=" " ind2="1">
    <subfield code="a">Buenos Aires :</subfield>
    <subfield code="b">V&#xED;ctor P. de Zaval&#xED;a</subfield>
    <subfield code="c">1986</subfield>
  </datafield>
  <datafield tag="300" ind1=" " ind2=" ">
    <subfield code="a">333 p.</subfield>
    <subfield code="c">23 cm.</subfield>
  </datafield>
  <datafield tag="505" ind1=" " ind2=" ">
    <subfield code="a">Parte I: El software: Un nuevo objeto del derecho: 1. Inadaptaci&#xF3;n del programa de computadora a las categor&#xED;as jur&#xED;dicas tradicionales: Secci&#xF3;n 1: La dif&#xED;cil aplicaci&#xF3;n a los programas, de los reg&#xED;menes jur&#xED;dicos de bienes muebles corporales &#x2013; Secci&#xF3;n 2: El programa no es una invenci&#xF3;n que tenga resultado industrial &#x2013; Secci&#xF3;n 3: El concepto de obra del esp&#xED;ritu no cubre completamente la realidad del programa  de computadora -- 2. Inadaptaci&#xF3;n de los mecanismos jur&#xED;dicos a los programas de computadora: Secci&#xF3;n 1: Un r&#xE9;gimen de derechos de autor desfigurado &#x2013; Secci&#xF3;n 2: El derecho de los contratos maltrechos  -- Parte II: El software: objeto de un nuevo derecho: 1. La importancia econ&#xF3;mica del programa de computadora ha acarreado cierto reconocimiento por el derecho positivo: Secci&#xF3;n 1: El pragmatismo de las reglas que rigen el patrimonio de la empresa &#x2013; Secci&#xF3;n 2: Aplicabilidad de las reglas que rigen un comportamiento -- 2. La originalidad del programa impone la creaci&#xF3;n de un r&#xE9;gimen jur&#xED;dico nuevo: Secci&#xF3;n 1: Unidad de la noci&#xF3;n de programa concebido como herramienta informacional &#x2013; Secci&#xF3;n 2: La necesidad de adoptar un r&#xE9;gimen original - </subfield>
  </datafield>
  <datafield tag="942" ind1=" " ind2=" ">
    <subfield code="c">BK</subfield>
  </datafield>
  <datafield tag="590" ind1=" " ind2=" ">
    <subfield code="a">niveau_biblio:m niveau_hierar:0</subfield>
  </datafield>
  <datafield tag="100" ind1="1" ind2=" ">
    <subfield code="a">Toubol, Fr&#xE9;d&#xE9;rique</subfield>
  </datafield>
  <datafield tag="999" ind1=" " ind2=" ">
    <subfield code="c">1635</subfield>
    <subfield code="d">1635</subfield>
  </datafield>
  <datafield tag="952" ind1=" " ind2=" ">
    <subfield code="0">0</subfield>
    <subfield code="1">0</subfield>
    <subfield code="4">0</subfield>
    <subfield code="7">0</subfield>
    <subfield code="a">BCEJYS</subfield>
    <subfield code="b">BCEJYS</subfield>
    <subfield code="c">16</subfield>
    <subfield code="d">2026-04-07</subfield>
    <subfield code="l">0</subfield>
    <subfield code="o">004.4 T722</subfield>
    <subfield code="p">L58880</subfield>
    <subfield code="r">2026-04-07 15:55:52</subfield>
    <subfield code="w">2026-04-07</subfield>
    <subfield code="y">L</subfield>
  </datafield>
</record>
